Manchester United Academy Graduates in the Premier League - Statistics

General Stats
  • This quiz has been taken 104 times
    43 since last reset
  • The average score is 31 of 97
Answer Stats
Player First Team Début Age % Correct
Paul Scholes 21 September 1994 19
91%
David Beckham 23 September 1992 17
88%
Phil Neville 28 January 1995 18
85%
Gary Neville 16 September 1992 17
82%
Kobbie Mainoo 10 January 2023 17
82%
Alejandro Garnacho 28 April 2022 17
76%
Marcus Rashford 25 February 2016 18
76%
Ryan Giggs 2 March 1991 17
76%
Nicky Butt 21 November 1992 17
71%
Jesse Lingard 16 August 2014 21
59%
Mason Greenwood 6 March 2019 17
59%
Wes Brown 4 May 1998 18
59%
Chido Obi-Martin 16 February 2025 17
53%
John O'Shea 13 October 1999 18
53%
Danny Welbeck 23 September 2008 17
50%
Darren Fletcher 12 March 2003 19
50%
Federico Macheda 5 April 2009 17
50%
Harry Amass 16 March 2025 18
50%
James Wilson 6 May 2014 18
50%
Mark Wilson 21 October 1998 19
50%
Scott McTominay 7 May 2017 20
47%
Dean Henderson 22 September 2020 23
41%
Anthony Elanga 11 May 2021 19
38%
Brandon Williams 25 September 2019 19
38%
Tyler Fredricson 20 April 2025 20
38%
Adnan Januzaj 11 August 2013 18
35%
Axel Tuanzebe 29 January 2017 19
35%
James Garner 27 February 2019 17
35%
Michael Keane 25 October 2011 19
35%
Toby Collyer 1 September 2024 20
35%
Will Fish 23 May 2021 17
35%
Will Keane 31 December 2011 18
35%
Ben Amos 23 September 2008 18
32%
Chris Eagles 28 October 2003 17
32%
Darron Gibson 26 October 2005 18
32%
Jonny Evans 19 August 2007 19
32%
Josh Harrop 21 May 2017 21
32%
Mark Hughes 26 October 1983 19
32%
Paul Pogba 20 September 2011 18
32%
Tahith Chong 5 January 2019 19
32%
Andreas Pereira 26 August 2014 18
29%
Cameron Borthwick-Jackson 7 November 2015 18
29%
Dan Gore 26 September 2023 19
29%
Joel Pereira 29 January 2017 20
29%
Kieran Richardson 23 October 2002 18
29%
Paddy McNair 27 September 2014 19
29%
Tom Cleverley 7 August 2011 21
29%
Tyler Blackett 16 August 2014 20
29%
Angel Gomes 21 May 2017 16
26%
Darren Ferguson 26 February 1991 19
26%
Ethan Wheatley 24 April 2024 18
26%
Hannibal Mejbri 23 May 2021 18
26%
Phil Bardsley 3 December 2003 18
26%
Reece James 26 August 2014 20
26%
Shola Shoretire 21 February 2021 17
26%
Timothy Fosu-Mensah 28 February 2016 18
26%
Danny Simpson 26 September 2007 20
24%
David Healy 13 October 1999 20
24%
Omari Forson 8 January 2024 18
24%
Willy Kambwala 23 December 2023 19
24%
Ben Thornley 26 February 1994 18
21%
Chris Casper 21 September 1994 19
21%
Clayton Blackmore 16 May 1984 19
21%
Donald Love 3 February 2016 21
21%
Gerard Pique 26 October 2004 17
21%
John O'Kane 21 September 1994 19
21%
Kieran Lee 25 October 2006 18
21%
Luke Chadwick 13 October 1999 18
21%
Fraizier Campbell 19 August 2007 19
18%
Giuseppe Rossi 10 November 2004 17
18%
Michael Clegg 23 November 1996 19
18%
Teden Mengi 5 August 2020 18
18%
Tom Lawrence 6 May 2014 20
18%
Demetri Mitchell 21 May 2017 20
15%
Keith Gillespie 5 January 1993 17
15%
Kevin Pilkington 19 November 1994 20
15%
Lee Martin 9 May 1988 20
15%
Lee Martin 26 October 2005 18
15%
Richard Eckersley 24 January 2009 19
15%
Terry Cooke 16 September 1995 19
15%
Zeki Fryers 20 September 2011 18
15%
Colin McKee 8 May 1994 20
12%
Gary Walsh 13 December 1986 18
12%
John Curtis 14 October 1997 19
12%
Jonathan Spector 25 August 2004 18
12%
Danny Higginbotham 10 May 1998 19
9%
Danny Pugh 18 September 2002 19
9%
Mark Bosnich 30 April 1990 18
9%
Nick Culkin 22 August 1999 21
9%
Paul Rachubka 11 January 2000 18
9%
Phil Mulryne 14 October 1997 19
9%
Ronnie Wallwork 25 October 1997 20
9%
Simon Davies 21 September 1994 20
9%
Tom Thorpe 27 September 2014 21
9%
James Weir 28 February 2016 20
6%
Lee Roche 5 November 2001 21
6%
Michael Stewart 31 October 2000 19
6%
No matching quizzes found
Score Distribution
Percent of People with Each Score
Percentile by Number Answered
Your Score History
You have not taken this quiz since the last reset